The hunter's friends: (Record no. 176033)

MARC details
000 -LEADER
fixed length control field 00707nam a22001937a 4500
010 ## - LCCN (DPL NO)
LC control number 1617CH-EN
020 ## - INTERNATIONAL STANDARD BOOK NUMBER
International Standard Book Number 9789385755491
Terms of availability 199.00
035 ## - SYSTEM CONTROL NUMBER
System control number B-64490-510
035 ## - SYSTEM CONTROL NUMBER
System control number B-649495
037 ## - SOURCE OF ACQUISITION
Stock number DPL
Source of stock number/acquisition DBAD
082 ## - DEWEY DECIMAL CLASSIFICATION NUMBER
Classification number 799.2092
Item number COR
100 ## - MAIN ENTRY--PERSONAL NAME
Personal name Corbett, Jim
245 ## - TITLE STATEMENT
Title The hunter's friends:
Statement of responsibility, etc by Jim Corbett
Remainder of title selected writings /
260 ## - PUBLICATION, DISTRIBUTION, ETC. (IMPRINT)
Place of publication, distribution, etc New Delhi
Name of publisher, distributor, etc Speaking Tiger
Date of publication, distribution, etc 2016
270 ## - ADDRESS
Address 4381/4, Ansari Road, Daryaganj,
City New Delhi
Postal code 110002
300 ## - PHYSICAL DESCRIPTION
Extent 200p.
Dimensions 19cm(pbk)
942 ## - ADDED ENTRY ELEMENTS (KOHA)
Source of classification or shelving scheme Dewey Decimal Classification
Item type Children Books
Call number suffix COR
Classification part 799.2092

No items available.


© Delhi Public Library
Hit Counter
free hit counter